000 00387pab a2200145 454500
008 180718b2012 xxu||||| |||| 00| 0 eng d
100 _aSingh, Nayanika
245 _aArts-based learning (ABL) in school/classrooms - A comprehensive overview
260 _c2012
300 _ap.130-153.
650 _aArts
773 _aResearch Journal Social Sciences
908 _aN
909 _a99650
999 _c99649
_d99649